Produccin̤ y operaciones aplicadas a las pyme

Bibliographic Details
Main Author: Bello Přez, Carlos Još
Format: eBook
Language:Spanish
Published: Bogot:̀ ECOE, 2013
Edition:Tercera edicin̤
Subjects:
Online Access:Acceso restringido

MARC

LEADER 00000nam a22000007a 4500
005 20200311225812.0
007 cr|||| ||||
008 200311s2013 co |||||s|||| 00||0 spa d
020 |a 978-958-648-977-5 
035 |a 31256 
040 |a vLex 
090 |c 10235  |d 10235 
100 1 |a Bello Přez, Carlos Još 
245 1 0 |a Produccin̤ y operaciones aplicadas a las pyme  |h [Recurso electrn̤ico] /  |c Carlos Jos ̌Bello Přez 
250 |a Tercera edicin̤ 
256 |a Servicio en ln̕ea 
260 |a Bogot:̀  |b ECOE,  |c 2013 
300 |a 1 recurso electrn̤ico 
506 1 |a Disponible solo en los productos indicados  |d vLex Global  |d vLex Global (Academic Edition, excluding Law Schools)  |d vLex Global (U.S. Academic Edition, Law Schools)  |d vLex Global (U.S. Academic Edition, excluding Law Schools)  |d vLex Global (Academic Edition, Law Schools) 
650 0 4 |a Economa̕ y negocios  |z Colombia 
740 0 |a vLex Libros (Servicio en ln̕ea) 
856 4 0 |u http://vlex.com/source/produccion-operaciones-aplicadas-pyme-31256  |z Acceso restringido 
942 |c BOOK 
999 0 |a Economy and business